[Event "22nd Hoogeveen Open 2018"]
[Site "Hoogeveen"]
[Date "2018.10.22"]
[Round "3"]
[White "Thrish Karthik"]
[Black "Emans, Job"]
[Result "1-0"]
[WhiteElo "2116"]
[BlackElo "1927"]
[Annotator "TA"]
[PlyCount "71"]
[EventDate "2018.10.20"]
[EventType "swiss"]
[EventCountry "NED"]
[SourceTitle "playchess.com"]
[Source "ChessBase"]
[SourceQuality "1"]

{[%evp 17,71,13,25,-72,0,-20,-10,0,0,0,0,0,0,0,45,14,56,44,38,-36,-33,-31,-31,-90,-62,-90,-75,-86,214,210,225,227,227,221,228,232,226,194,183,184,431,391,426,426,419,419,419,406,466,455,663,602,6270,5414,29983,29984]} 1. e4 e6 2. d4 d5 3. Nc3 Nf6 4. Bg5 Be7 5. e5 Nfd7 6. Bxe7 Qxe7 7. Nb5 Qd8 8. c3 a6 9. Na3 c5 {LiveBook: 4 Games} 10. Bd3 {[#] C14: French: Classical System: 4 Bg5 Be7 main line} (10. f4 $11 {keeps the balance.}) (10. f4 cxd4 11. cxd4 Qa5+ 12. Qd2 Qxd2+ 13. Kxd2 Nc6 14. Nf3 Nb6 15. Be2 Bd7 16. Rhc1 Ke7 17. Nc2 f6 {½-½ (56) Stukopin,A (2544)-Zvjaginsev,V (2653) Yerevan 2014}) 10... Nc6 (10... Qb6 $1 $17 11. Nf3 Qxb2) 11. Qg4 $1 $11 {[%cal Rg4g7]} O-O 12. Nf3 {Threatens to win with Bxh7+!The position is equal.} h6 $146 ({Predecessor:} 12... cxd4 13. Bxh7+ Kxh7 14. Qh5+ Kg8 15. Ng5 Re8 16. Qxf7+ Kh8 17. Qh5+ Kg8 18. Qh7+ Kf8 19. Qh8+ {1-0 (19) Varma,C (1315)-Falkenhainer,S (1635) Bad Homburg 2010}) 13. O-O b5 14. Nc2 c4 15. Be2 $40 {[%mdl 128] White is up to no good.} a5 16. a3 Qe7 17. Nh4 Nb6 $1 18. f4 (18. Ne3 $14) 18... Na4 $15 19. Rab1 b4 20. Rf3 {[#]} (20. axb4 $15 axb4 21. Rf3) 20... Rb8 $1 $17 {And now ...bxc3 would win.} 21. Rg3 {[%csl Gg3][%cal Rg4g7]} f5 22. Qh5 {Strongly threatening Ng6.} Kh7 $4 {[%mdl 8192]} (22... bxc3 $17 {stays on course.} 23. Bd1 (23. Ng6 $2 Qf7 $19) 23... Qa7 24. Qxh6 cxb2) 23. Ng6 $18 Qf7 24. Nxf8+ Qxf8 25. axb4 axb4 26. cxb4 Nxb4 27. Nxb4 Rxb4 28. b3 c3 $2 (28... Kh8 29. Bd1 Qe7) 29. Rc1 Rxb3 30. Bd1 Rb4 31. Bxa4 Rxa4 32. Qg6+ Kh8 33. Rgxc3 Ba6 (33... Bd7 $142 34. Rc7 Qd8) 34. Rc7 Rxd4 35. Qxe6 Rxf4 36. Qxa6 {Precision: White = 56%, Black = 40%.} 1-0

[Event "22nd Hoogeveen Open 2018"]
[Site "Hoogeveen"]
[Date "2018.10.22"]
[Round "3"]
[White "De Boer, Bas"]
[Black "Hamblok, Roel"]
[Result "1-0"]
[WhiteElo "2102"]
[BlackElo "2275"]
[Annotator "TA"]
[PlyCount "55"]
[EventDate "2018.10.20"]
[EventType "swiss"]
[EventCountry "NED"]
[SourceTitle "playchess.com"]
[Source "ChessBase"]
[SourceQuality "1"]

{[%evp 20,54,-2,-12,0,-4,0,-12,-18,-3,-6,-26,0,-50,-5,-88,-25,-18,-20,-34,-20,-8,0,0,455,454,655,645,29984,29985,6544,2839,29996,29997,29998,29999,29999]} 1. d4 d5 2. c4 e6 3. Nc3 Be7 4. Nf3 Nf6 5. Bf4 O-O 6. e3 b6 7. Rc1 c5 8. cxd5 Nxd5 9. Bg3 {D37: Queen's Gambit Declined: 5 Bf4} (9. Nxd5 exd5 10. Bd3 c4 11. Bb1 Bb4+ 12. Kf1 Bd6 13. Ne5 Bxe5 14. dxe5 Nc6 15. h4 Re8 16. Bg5 Qc7 {½-½ (60) Predojevic,B (2654)-Dreev,A (2662) Sibenik 2009}) 9... Nxc3 10. bxc3 Bb7 11. Bd3 {LiveBook: 3 Games. The position is equal.} Nd7 12. O-O Nf6 13. Nd2 $146 ({Predecessor:} 13. Qe2 Ne4 {0-1 (76) Theodorou,N (2125)-Kafetzi,A (1714) Rethymno 2013}) 13... Rc8 14. Qe2 Qd7 15. Be5 Rfd8 16. f4 {[%cal Bf2f4,Bf4f5][%mdl 32]} cxd4 17. cxd4 {[#]} (17. exd4 $11 g6 18. Bb5) 17... Rxc1 (17... Nd5 $1 $17 {...f6 is the strong threat.} 18. Rxc8 Bxc8) 18. Rxc1 $11 Rc8 19. Rf1 g6 20. e4 Qa4 21. f5 $36 {[%mdl 2048] White has good play.} Nd7 $2 {[%mdl 8192]} (21... exf5 $11 {and Black stays safe.} 22. exf5 g5) 22. Bb5 $18 Qxa2 (22... Ba6 $142 23. Bxa6 Rc2) 23. Bxd7 Rc2 24. fxg6 hxg6 25. Qf3 {[%csl Gf1][%cal Rf3f7] [#]} f5 26. Qh3 {White mates.} Rxd2 27. Qh8+ Kf7 28. Qg7# {Precision: White = 50%, Black = 27%.} 1-0

[Event "22nd Hoogeveen Open 2018"]
[Site "Hoogeveen"]
[Date "2018.10.22"]
[Round "3"]
[White "Mijnheer, Peter"]
[Black "De Vries, Emma"]
[Result "1-0"]
[WhiteElo "2092"]
[BlackElo "1905"]
[Annotator "NA RC"]
[PlyCount "75"]
[EventDate "2018.10.20"]
[EventType "swiss"]
[EventCountry "NED"]
[SourceTitle "playchess.com"]
[Source "ChessBase"]
[SourceQuality "1"]
[TimeControl "40/5400+30:1800+30"]

1. e4 {[%emt 0:07:40]} e6 {[%emt 0:00:00]} 2. d4 {[%emt 0:00:28]} d5 {[%emt 0:00:00]} 3. Nd2 {[%emt 0:00:06]} Nf6 {[%emt 0:00:00]} 4. e5 {[%emt 0:00:06]} Nfd7 {[%emt 0:00:00]} 5. c3 {[%emt 0:00:13]} c5 {[%emt 0:00:04]} 6. Bd3 {[%emt 0:00:10]} Nc6 {[%emt 0:00:11]} 7. Ne2 {[%emt 0:00:07]} cxd4 {[%emt 0:00:17]} 8. cxd4 {[%emt 0:00:06]} f6 {[%emt 0:00:09]} 9. exf6 {[%emt 0:00:16]} Nxf6 {[%emt 0:00:05]} 10. O-O {[%emt 0:00:17]} Bd6 {[%emt 0:00:12]} 11. Nf3 {[%emt 0:00:10]} Qc7 {[%emt 0:00:15]} 12. Nc3 {[%emt 0:01:47]} a6 {[%emt 0:00:15]} 13. Bg5 {[%emt 0:01:19]} O-O {[%emt 0:00:31]} 14. Bh4 {[%emt 0:01:37]} g6 {[%emt 0:08:46]} 15. Bg3 {[%emt 0:02:24]} Nh5 {[%emt 0:05:53] C06: French Tarrasch: 3...Nf6 4 e5 Nfd7 5 Bd3 main lines} (15... Bxg3 16. hxg3 Qg7 17. Qd2 Ng4 18. Bc2 Bd7 19. Na4 Rxf3 20. gxf3 Nxd4 21. Kg2 Nh2 22. Rh1 Nhxf3 23. Qd1 {0-1 (40) Lawson,E (2367)-Rodriguez Vila,A (2523) Buenos Aires 2005}) 16. Bxd6 {[%emt 0:01:50]} Qxd6 {[%emt 0:00:04]} 17. Re1 {[%emt 0:01:40]} Ng7 $146 {[%emt 0:07:15]} ({Predecessor:} 17... Bd7 18. a4 Rf6 19. Ng5 Qf4 20. Nxh7 Kxh7 21. Qxh5+ Kg7 22. Qe2 Rh8 23. h3 {0-1 (64) Rafiee,M (2135)-Wahedi,A (2287) Germany 2012}) 18. a3 {[%emt 0:22:06]} Bd7 {[%emt 0:15:58]} 19. b4 {[%emt 0:07:51]} Nf5 {[%emt 0:08:43]} 20. Bxf5 {[%emt 0:11:04]} Rxf5 {[%emt 0:01:30]} 21. Re3 {[%emt 0:02:43]} b5 {[%emt 0:07:27]} 22. Qd3 {[%emt 0:00:39]} Raf8 {[%emt 0:04:37]} 23. Rae1 {[%emt 0:02:48]} Qf4 {[%emt 0:19:01]} 24. Ne2 {[%emt 0:02:00]} Qh6 {[%emt 0:00:12]} ({Better is} 24... Qd6) 25. Ng3 {[%emt 0:15:05]} Rf4 {[%emt 0:01:19]} 26. h3 {[%emt 0:02:42]} Qg7 {[%emt 0:05:42]} 27. Ne2 {[%emt 0:00:24]} R4f6 {[%emt 0:05:25]} 28. Rf1 {[%emt 0:00:48]} a5 {[%emt 0:04:53]} 29. Ne5 {[%emt 0:06:20]} axb4 {[%emt 0:02:30]} 30. Nxc6 {[%emt 0:00:21]} Bxc6 {[%emt 0:00:01]} 31. axb4 {[%emt 0:00:13]} Qe7 {[%emt 0:01:03]} 32. Qd2 {[%emt 0:02:50]} Ra8 {[%emt 0:02:12]} 33. Nc1 {[%emt 0:00:00]} Be8 {[%emt 0:01:26]} 34. Nd3 {[%emt 0:00:00]} g5 {[%emt 0:00:32]} 35. Ne5 {[%emt 0:00:00]} Bg6 {[%emt 0:00:28]} (35... Ra4 $16) 36. Rg3 {[%emt 0:00:08]} Ra4 $2 {[%emt 0:00:29]} (36... Rf4 $16 37. Rc3 Rff8) 37. Rc1 {[%emt 0:00:46]} Rxb4 $18 {[%emt 0:00:33]} (37... Rf4 38. Rc8+ Kg7) 38. Nc6 {[%emt 0:00:21]} 1-0

[Event "22nd Hoogeveen Open 2018"]
[Site "Hoogeveen"]
[Date "2018.10.22"]
[Round "3"]
[White "Verhoef, Pieter"]
[Black "Kutchoukov, Daniel"]
[Result "1-0"]
[WhiteElo "2058"]
[BlackElo "1882"]
[Annotator "NA RC"]
[PlyCount "47"]
[EventDate "2018.10.20"]
[EventType "swiss"]
[EventCountry "NED"]
[SourceTitle "playchess.com"]
[Source "ChessBase"]
[SourceQuality "1"]
[TimeControl "40/5400+30:1800+30"]

1. e4 {[%emt 0:02:37]} c6 {[%emt 0:00:00]} 2. d4 {[%emt 0:00:05]} d5 {[%emt 0:00:00]} 3. Nd2 {[%emt 0:00:05]} dxe4 {[%emt 0:00:00]} 4. Nxe4 {[%emt 0:00:07]} Bf5 {[%emt 0:00:14]} 5. Ng3 {[%emt 0:00:07]} Bg6 {[%emt 0:00:04]} 6. h4 {[%emt 0:00:06]} h6 {[%emt 0:00:03]} 7. Nf3 {[%emt 0:00:05]} e6 {[%emt 0:00:07]} 8. Ne5 {[%emt 0:00:05]} Bh7 {[%emt 0:00:18]} 9. Bd3 {[%emt 0:00:06]} Bxd3 {[%emt 0:00:06]} 10. Qxd3 {[%emt 0:00:06]} Nd7 {[%emt 0:03:25] B19: Classical Caro-Kann: 4...Bf5 main line} 11. Qe2 {[%emt 0:00:07]} Bd6 $146 {[%emt 0:14:14]} ({Predecessor:} 11... Ngf6 12. Bd2 c5 13. Nxd7 Qxd7 14. dxc5 Bxc5 15. O-O-O Qa4 16. Bc3 Be7 17. Rd4 Qc6 18. Rc4 Qxg2 {½-½ (37) Predke,A (2601)-Matlakov,M (2738) Moscow 2017}) 12. Bf4 {[%emt 0:05:07]} Ndf6 {[%emt 0:08:02]} 13. Nf5 {[%emt 0:04:52]} Bf8 {[%emt 0:10:09]} 14. Nc4 {[%emt 0:06:49]} Nd5 {[%emt 0:23:10]} 15. Bg3 {[%emt 0:12:29]} Qd7 {[%emt 0:30:51]} 16. O-O-O {[%emt 0:04:33]} Ngf6 {[%emt 0:01:16]} 17. h5 {[%emt 0:07:24]} b5 {[%emt 0:04:47]} 18. Ne5 {[%emt 0:04:09]} Qb7 {[%emt 0:00:33]} 19. c4 {[%emt 0:05:14]} bxc4 {[%emt 0:00:54]} 20. Nxc4 {[%emt 0:00:07]} Qd7 $16 {[%emt 0:01:05]} 21. Rhe1 {[%emt 0:10:07]} Nb6 {[%emt 0:00:38]} 22. Ncd6+ {[%emt 0:03:46]} Bxd6 {[%emt 0:00:08]} 23. Bxd6 {[%emt 0:00:06]} O-O-O {[%emt 0:00:53]} 24. Qa6+ {[%emt 0:00:19]} 1-0

[Event "22nd Hoogeveen Open 2018"]
[Site "Hoogeveen"]
[Date "2018.10.22"]
[Round "3"]
[White "Biermann, Florian"]
[Black "Oord, Raymon"]
[Result "1/2-1/2"]
[WhiteElo "2024"]
[BlackElo "1900"]
[Annotator "NA RC"]
[PlyCount "130"]
[EventDate "2018.10.20"]
[EventType "swiss"]
[EventCountry "NED"]
[SourceTitle "playchess.com"]
[Source "ChessBase"]
[SourceQuality "1"]
[TimeControl "40/5400+30:1800+30"]

1. c4 {[%emt 0:00:00]} c6 {[%emt 0:05:45]} 2. d4 {[%emt 0:00:30]} d5 {[%emt 0:00:26]} 3. Qc2 {[%emt 0:00:06]} Nf6 {[%emt 0:00:38]} 4. Nf3 {[%emt 0:00:37]} g6 {[%emt 0:05:26]} 5. Bf4 {[%emt 0:12:54]} Nh5 {[%emt 0:13:56] D11: Slav Defence: 3 Nf3 sidelines and 3...Nf6 4 e3 Bg4} (5... Bg7 6. e3 O-O 7. cxd5 Bf5 8. Qb3 Bxb1 9. Rxb1 Qa5+ 10. Nd2 Nxd5 11. Bg3 e5 12. dxe5 Nd7 13. Qa3 Qxa3 14. bxa3 b5 {0-1 (57) Romanov,E (2611)-Saric,I (2689) Biograd 2018}) 6. Be5 {[%emt 0:05:49]} f6 {[%emt 0:02:41]} 7. Bg3 {[%emt 0:00:20]} Nxg3 {[%emt 0:02:17]} 8. hxg3 {[%emt 0:00:24]} Bf5 {[%emt 0:07:40]} 9. Qb3 {[%emt 0:03:54]} Qb6 $146 {[%emt 0:04:03]} ({Predecessor:} 9... Qd7 10. e3 Bg7 11. Nc3 Be6 12. cxd5 cxd5 13. Bb5 {1-0 (46) Rabe,K (2060)-Bernhardt,G (2026) Altenholz 2009}) 10. e3 {[%emt 0:07:38]} e6 {[%emt 0:09:54]} 11. Nc3 {[%emt 0:04:41]} g5 {[%emt 0:03:45]} 12. Be2 {[%emt 0:04:47]} Nd7 {[%emt 0:05:17]} 13. Nd2 {[%emt 0:06:20]} Bg6 {[%emt 0:09:08]} 14. Bg4 {[%emt 0:08:14]} f5 {[%emt 0:05:53]} 15. Be2 {[%emt 0:01:38]} Bg7 {[%emt 0:02:38]} 16. f4 {[%emt 0:03:36]} g4 {[%emt 0:02:28]} 17. c5 {[%emt 0:01:52]} Qxb3 {[%emt 0:02:16]} 18. Nxb3 {[%emt 0:00:24]} Kf7 {[%emt 0:01:46]} (18... b6 $17) 19. Kf2 {[%emt 0:02:43]} (19. Na5 $11) 19... h5 {[%emt 0:00:49]} ({Better is} 19... b6 $17) 20. Na5 {[%emt 0:01:09]} Rab8 {[%emt 0:02:04]} 21. b4 {[%emt 0:06:16]} Bf6 {[%emt 0:02:16]} 22. Rac1 {[%emt 0:00:58]} Bd8 {[%emt 0:01:40]} 23. Rb1 {[%emt 0:05:12]} Bc7 {[%emt 0:03:49]} 24. Rb2 {[%emt 0:02:41]} Nf6 {[%emt 0:01:30]} 25. a4 {[%emt 0:02:05]} Rhe8 {[%emt 0:00:55]} 26. Rc1 {[%emt 0:04:06]} a6 {[%emt 0:01:15]} 27. Nb3 {[%emt 0:01:07]} Ra8 {[%emt 0:01:45]} 28. Ra1 {[%emt 0:00:16]} Ra7 {[%emt 0:00:37]} 29. Nc1 {[%emt 0:00:40]} Ne4+ {[%emt 0:00:36]} 30. Nxe4 {[%emt 0:00:09]} fxe4 {[%emt 0:00:08]} 31. Na2 {[%emt 0:00:36]} Kf6 {[%emt 0:00:22]} 32. Nc3 {[%emt 0:00:25]} Rea8 {[%emt 0:00:24]} 33. Ke1 {[%emt 0:01:31]} Be8 {[%emt 0:00:24]} 34. Kd2 {[%emt 0:00:37]} Ke7 {[%emt 0:00:44]} 35. Rab1 {[%emt 0:00:24]} b5 {[%emt 0:01:12]} 36. cxb6 {[%emt 0:00:39]} Bxb6 {[%emt 0:00:09]} 37. a5 {[%emt 0:02:47]} Bc7 {[%emt 0:00:46]} 38. Na4 {[%emt 0:00:18]} Bd6 {[%emt 0:00:53]} 39. Nc5 {[%emt 0:00:05]} Bxc5 {[%emt 0:00:36]} 40. bxc5 {[%emt 0:00:09]} Bd7 {[%emt 0:00:30]} 41. Rb8 {[%emt 0:35:28]} Bc8 {[%emt 0:08:11]} 42. R8b6 {[%emt 0:00:00]} (42. Rxa8 $18 Rxa8 43. Rh1) 42... Bd7 {[%emt 0:01:35]} 43. Rb7 {[%emt 0:00:00]} Kd8 {[%emt 0:05:12]} 44. Rxa7 {[%emt 0:00:00]} Rxa7 {[%emt 0:00:02]} 45. Rb6 {[%emt 0:00:00]} Kc7 {[%emt 0:00:54]} 46. Bxa6 {[%emt 0:00:00]} ({Don't do} 46. Rxa6 $6 Rxa6 47. Bxa6 Kb8 $16) 46... Ra8 $1 {[%emt 0:06:56]} 47. Kc3 {[%emt 0:00:00]} Ra7 $2 {[%emt 0:04:58]} (47... Bc8 $1 $11 {and Black has nothing to worry.} 48. Bxc8 Rxc8) 48. Kb4 {[%emt 0:00:00]} Be8 {[%emt 0:00:24]} 49. Be2 {[%emt 0:00:00]} Bd7 {[%emt 0:00:33]} 50. a6 {[%emt 0:00:00]} Be8 {[%emt 0:00:49]} 51. Ka5 {[%emt 0:00:00]} Bd7 {[%emt 0:01:50]} 52. Rb1 {[%emt 0:00:00]} Be8 {[%emt 0:00:27]} 53. Rh1 {[%emt 0:00:00]} Ra8 {[%emt 0:01:36]} 54. Bxg4 {[%emt 0:00:00]} ({White should try} 54. Kb4 $18) 54... hxg4 {[%emt 0:00:15]} 55. Rh7+ {[%emt 0:00:00]} Bd7 {[%emt 0:01:40]} 56. Rg7 {[%emt 0:00:00]} Ra7 {[%emt 0:00:26]} 57. Rxd7+ {[%emt 0:00:00]} Kxd7 {[%emt 0:00:09]} 58. Kb6 $11 {[%emt 0:00:00]} Rc7 {[%emt 0:01:56]} 59. a7 {[%emt 0:00:00]} Rc8 {[%emt 0:00:25]} 60. Kb7 {[%emt 0:00:00]} Rc7+ {[%emt 0:00:52]} 61. Kb8 {[%emt 0:00:00]} Rc8+ {[%emt 0:00:10]} 62. Kb7 {[%emt 0:00:38]} Ra8 {[%emt 0:00:18]} 63. Kb6 {[%emt 0:00:01]} Rc8 {[%emt 0:00:01]} 64. Ka6 {[%emt 0:00:01]} Ra8 {[%emt 0:00:04]} 65. Kb7 {[%emt 0:00:06]} Kd8 1/2-1/2

[Event "22nd Hoogeveen Open 2018"]
[Site "Hoogeveen"]
[Date "2018.10.22"]
[Round "3"]
[White "Van Randtwijk, Mick"]
[Black "Kokje, Joris"]
[Result "1-0"]
[WhiteElo "1979"]
[BlackElo "2232"]
[Annotator "TA"]
[PlyCount "75"]
[EventDate "2018.10.20"]
[EventType "swiss"]
[EventCountry "NED"]
[SourceTitle "playchess.com"]
[Source "ChessBase"]
[SourceQuality "1"]

{[%evp 17,75,24,28,7,11,-18,0,-5,-13,0,-1,-36,11,12,8,-2,-10,-22,-3,-12,0,0,0,-69,-57,-65,-60,-167,-175,-200,-142,-137,-143,-195,-167,-216,-132,-259,-264,-238,-181,-211,-225,-210,-194,-220,-210,-260,-244,-315,29,45,585,585,585,585,1400,1387,29996,29997]} 1. e4 c5 2. Nf3 d6 3. d4 cxd4 4. Nxd4 Nf6 5. Nc3 a6 6. Be3 e5 7. Nf3 Qc7 8. a4 Be6 9. a5 {B90: Sicilian Najdorf: Unusual White 6th moves, 6 Be3 Ng4 and 6 Be3 e5} Qc6 {LiveBook: 6 Games} (9... Nbd7 10. Be2 Be7 11. O-O O-O 12. Nd2 d5 13. exd5 Nxd5 14. Nxd5 Bxd5 15. c4 Be6 16. Ne4 Rfd8 17. Qa4 Nc5 18. Nxc5 Bxc5 19. Bxc5 Qxc5 20. b4 {0-1 (45) Van Randtwijk,M (2011)-Kokje,J (2282) Groningen 2017}) 10. Ra4 $146 ({Predecessor:} 10. Ng5 d5 11. exd5 Bxd5 12. Ra4 h6 13. Nxd5 Nxd5 14. Rc4 Qd7 15. Nf3 Nxe3 16. Qxd7+ Kxd7 17. fxe3 {½-½ (25) Robson,R (2668)-Zherebukh,Y (2605) New York 2017}) 10... Nbd7 11. Be2 {The position is equal.} d5 12. exd5 $1 Nxd5 13. Nxd5 Bxd5 14. c4 Be6 (14... Bxf3 $5 15. Bxf3 e4 $11) 15. O-O Be7 16. b4 O-O 17. Qa1 f6 18. Rc1 Rfd8 19. b5 Qc7 20. c5 (20. bxa6 $11 bxa6 21. c5) 20... axb5 $15 ({But not} 20... Nxc5 $6 21. bxa6 bxa6 22. Ra3 $14) 21. Bxb5 {Threatens to win with c6.} Nxc5 22. Bc4 (22. Nd2 $15) 22... Bxc4 $19 23. Raxc4 Rxa5 24. Qc3 b6 25. Nd2 (25. Rb4 $17) 25... Qd7 26. Rb1 Qd3 27. Qc1 (27. Qxd3 $17 {was necessary.} Rxd3 28. Rc2) 27... Ra2 {[%cal Ra2d2]} 28. Rc3 Qe2 ({Weaker is} 28... Rxd2 29. Rxd3 R2xd3 30. g3 $14) 29. Nf1 Ne4 {[%cal Re4f2]} 30. Rc8 {And now Rxd8+ would win.} Nxf2 {( -> ...Nh3+!)} 31. Rxd8+ Bxd8 32. Qc6 {[%cal Rc6e8] [#]} h6 $1 33. Qd7 {[#]} Ne4 $2 (33... Ng4 $1 $19 {[%csl Ga2][%cal Re2g2]} 34. Qxd8+ Kh7) 34. Qd5+ $11 Kf8 $2 {[%mdl 8192]} (34... Kh8 $14 35. Qxe4 f5) 35. Qxd8+ $18 Kf7 {[%csl Ga2][%cal Re2g2]} 36. Qd5+ Kg6 {[%csl Ga2][%cal Re2g2]} 37. Qxe4+ f5 38. Rxb6+ {Precision: White = 33%, Black = 34%.} 1-0

[Event "22nd Hoogeveen Open 2018"]
[Site "Hoogeveen"]
[Date "2018.10.22"]
[Round "3"]
[White "Winkels, Marcel"]
[Black "Bertholee, Rob"]
[Result "0-1"]
[WhiteElo "1935"]
[BlackElo "2334"]
[Annotator "TA"]
[PlyCount "70"]
[EventDate "2018.10.20"]
[EventType "swiss"]
[EventCountry "NED"]
[SourceTitle "playchess.com"]
[Source "ChessBase"]
[SourceQuality "1"]

{[%evp 20,70,5,10,-4,-39,-9,-30,-9,-51,-62,-29,-8,-22,-14,-12,-12,-12,-10,-12,0,-6,0,0,81,0,0,-64,-67,-56,-60,-41,-35,-35,-35,-31,-31,-62,-68,-63,-60,-215,162,165,314,299,70,3,7,1,0,-29988,-29989]} 1. e4 e6 2. d3 g6 3. Nf3 Bg7 4. g3 c5 5. Bg2 Nc6 6. O-O Nge7 7. c3 d5 8. Nbd2 O-O 9. Re1 b6 10. a4 {A08: King's Indian Attack} Ba6 11. exd5 {LiveBook: 3 Games} exd5 12. Nb1 $146 {The position is equal.} ({Predecessor:} 12. d4 cxd4 13. Nxd4 Nxd4 14. cxd4 Bxd4 {½-½ (29) Levitt,M (2290)-Psakhis,L (2590) Yerevan 1996}) 12... Qd7 13. Na3 Bb7 14. Bf4 d4 15. c4 a6 16. Qb3 Nb4 17. Nc2 Nec6 18. Nxb4 $1 Nxb4 19. a5 Bc6 20. Bd2 bxa5 21. Rxa5 Rfb8 {[#]} (21... Qb7 $11 {remains equal.} 22. Bxb4 (22. Rxc5 Bxf3 23. Bxf3 Qxf3 $17) 22... cxb4) 22. Bxb4 ({Don't play} 22. Rxc5 $6 Ba4 $11) (22. Bf4 $1 $16) 22... Rxb4 $11 23. Qa3 (23. Qd1 $1 $11) 23... Qb7 $15 24. Nh4 {[%cal Bf3h4,Bh4g2,Bg2f4,Bf4d5,Bd5f6][%mdl 32]} Bxg2 25. Nxg2 Rxb2 {Hoping for ...Rb8.} 26. Nf4 $1 Bf8 {And now ...Re8! would win.} 27. Qa1 Bh6 {White must now prevent ...Rb8.} 28. Nd5 Bd2 $1 {[%csl LRa5,LRe1]} 29. Kg2 Bxa5 30. Qxa5 $2 {[#]} (30. Re7 $1 $15 Rb1 31. Qxa5) 30... Qb3 $4 {[%mdl 8192]} (30... Qc6 $1 $19 {Strongly threatening ...Rab8.} 31. Re7 Rab8) 31. Qxc5 $18 Qxd3 (31... Rb1 $142 32. Rxb1 Qxb1) 32. Nf6+ Kh8 33. Qe5 ({White should play} 33. Re7 $14 Re2 34. Rxe2 (34. Rxf7 Rxf2+ 35. Kxf2 Qd2+ 36. Kf3 Qe3+ 37. Kg2 Qe2+ 38. Kg1 Qd1+ 39. Kg2 Qe2+ 40. Kg1 Qe1+ 41. Kg2 Qe2+ $11) 34... Qxe2 35. Qxd4) 33... Qf5 $1 $11 34. Qxd4 {[#]} Rd2 $1 {[%cal Rd2d4][%mdl 512]} 35. Ne8+ $2 {[%mdl 8192]} (35. Qxd2 $11 Qxf6 36. Qd5) 35... Rxd4 {Precision: White = 51%, Black = 34%.} 0-1